Potraviny pod zákonom

Zákon o potravinách v SR - platnosť zákona od 1.1.1996. Príprava zákona, ciele zákona. Rešpektovanie odporúčaní FAO pri tvorbe zákona. Zákon sleduje potravinový článok vo všetkých súvislostiach - výroba, skladovanie, distribúcia, predaj, kontrola výrobného a odbytového reťazca. Okrem potravín zákon...

Description complète

Enregistré dans:
Détails bibliographiques
Format: Chapitre de livre
Langue:slovaque
Sujets:
Tags: Ajouter un tag
Pas de tags, Soyez le premier à ajouter un tag!

MARC

LEADER 00000naa a2200000 4500
001 r021133
005 20230727074035.7
041 0 |a slo 
044 |a CZ 
245 1 0 |a Potraviny pod zákonom 
520 |a Zákon o potravinách v SR - platnosť zákona od 1.1.1996. Príprava zákona, ciele zákona. Rešpektovanie odporúčaní FAO pri tvorbe zákona. Zákon sleduje potravinový článok vo všetkých súvislostiach - výroba, skladovanie, distribúcia, predaj, kontrola výrobného a odbytového reťazca. Okrem potravín zákon sleduje aj tabakové výrobky a kozmetické výrobky. Potravinový kódex - charakteristika. 
610 2 0 |a potraviny 
610 2 0 |a výrobky tabakové 
610 2 0 |a kozmetika 
610 2 0 |a zákony 
610 2 0 |a Slovensko